000
00270nam a2200109Ia 4500
008
220204s9999 xx 000 0 und d
082
_a
657
_b
KEM
100
_a
Kemp, Patrick S
245
0
_a
Accounting for the manager
260
_a
Bombay
_b
Taraporevala
_c
1970
942
_c
BK
999
_c
30350
_d
30350